[Event "ch-European Rapid 2013"]
[Site "Warsaw POL"]
[Date "2013.12.15"]
[Round "11.43"]
[White "Musialkiewicz, Jan"]
[Black "Kula, Robert"]
[Result "0-1"]
[BlackTitle "FM"]
[WhiteElo "2298"]
[BlackElo "2319"]
[WhiteFideId "1141929"]
[BlackFideId "1101218"]
[EventDate "2013.12.14"]

1. e4 c5 2. Nf3 Nc6 3. d4 cxd4 4. Nxd4 Nf6 5. Nc3 g6 6. Nxc6 bxc6 7. e5 Ng8 8.
Bc4 Bg7 9. Bf4 f6 10. Qf3 fxe5 11. Bxe5 Nf6 12. O-O-O Qa5 13. Rhe1 Rf8 14. Qe2
d5 15. Bd6 e6 16. Bxf8 Kxf8 17. Bb3 Bd7 18. Qe5 Qc5 19. Na4 Qe7 20. Qc7 Qb4 21.
a3 Qb5 22. Qd6+ Kf7 23. Qc5 Qb8 24. g3 Bf8 25. Qe3 Qd6 26. Qe5 Qxe5 27. Rxe5 c5
28. Nc3 Rb8 29. f4 Bd6 30. Ree1 a6 31. Ba4 Bb5 32. b3 Be7 33. Bxb5 axb5 34. Kb2
Nd7 35. Ne4 h6 36. Nf2 Bf6+ 37. Ka2 h5 38. Nd3 Bc3 39. Re3 Bd4 40. Rf3 Ke7 41.
Re1 Kd6 42. Ne5 c4 43. b4 Nf8 44. c3 Bb6 45. g4 hxg4 46. Nxg4 Rb7 47. Ne5 Rh7
48. Re2 Ke7 49. a4 bxa4 50. Ka3 Kf6 51. Nc6 Rc7 52. Ne5 Ra7 53. Rh3 Bc7 54. Rh8
Kg7 55. Rh3 Kf6 56. Rg2 Bxe5 57. fxe5+ Kxe5 58. Rh8 Rf7 59. Kxa4 Kd6 60. Kb5 e5
61. Ra2 e4 62. Ra8 Ne6 63. Ra6+ Ke5 64. Re8 Rf6 65. Kc6 Kf5 66. Kb7 e3 67. b5
Nc5+ 68. Kc7 Nxa6+ 69. bxa6 Rxa6 70. Rxe3 Re6 71. Rg3 g5 72. Kd7 Rh6 73. h3 Rg6
74. Rg4 Ke5 75. Kc7 Kf5 76. Kd7 Rh6 77. Rg3 Ke4 78. Rg4+ Kd3 79. Rxg5 Kxc3 80.
Rxd5 Kb3 81. Rb5+ Kc2 82. h4 Rxh4 83. Kc6 c3 84. Rb8 Rh5 85. Rb7 Kc1 86. Rb8 c2 0-1

[Event "ch-European Rapid 2013"]
[Site "Warsaw POL"]
[Date "2013.12.15"]
[Round "11.44"]
[White "Kuraszkiewicz, Michael"]
[Black "Pietruszewski, Marcin"]
[Result "1-0"]
[WhiteTitle "FM"]
[WhiteElo "2324"]
[BlackElo "2070"]
[WhiteFideId "4618149"]
[BlackFideId "1170295"]
[EventDate "2013.12.14"]

1. d4 Nf6 2. c4 c6 3. Nf3 d5 4. e3 a6 5. b3 Bg4 6. Nbd2 e6 7. Qc2 Bf5 8. Qb2 h6
9. Be2 Nbd7 10. O-O Qb8 11. b4 Bd6 12. h3 O-O 13. a4 e5 14. b5 axb5 15. axb5
Rxa1 16. Qxa1 c5 17. dxe5 Nxe5 18. Bb2 Re8 19. cxd5 Nxd5 20. Rd1 Nb4 21. Nc4
Nxf3+ 22. Bxf3 Bh2+ 23. Kh1 Nd3 24. Rd2 Nxb2 25. Qxb2 b6 26. Bc6 Be5 27. Qc1 Re7
28. f4 Bc7 29. Ra2 Be4 30. Ra8 Qxa8 31. Bxa8 Bxa8 32. Qd2 Be4 33. Kg1 Kh7 34.
Kf2 g6 35. g4 f5 36. Ne5 Bxe5 37. fxe5 Kg7 38. Qd6 Rb7 39. Qf6+ Kh7 40. e6 Bd3
41. e7 Bxb5 42. Qf7+ Kh8 43. e8=Q+ Bxe8 44. Qxb7 fxg4 45. Qc8 1-0

[Event "ch-European Rapid 2013"]
[Site "Warsaw POL"]
[Date "2013.12.15"]
[Round "11.46"]
[White "Kukula, Pawel"]
[Black "Maiorov, Nikita1"]
[Result "0-1"]
[BlackTitle "GM"]
[WhiteElo "2251"]
[BlackElo "2552"]
[WhiteFideId "1115081"]
[BlackFideId "13501720"]
[EventDate "2013.12.14"]

1. d4 Nf6 2. c4 e6 3. Nf3 b6 4. g3 Bb7 5. Bg2 Be7 6. O-O O-O 7. Nc3 Na6 8. b3 d5
9. Ne5 c5 10. e3 Nc7 11. Bb2 Bd6 12. Qe2 cxd4 13. exd4 Qc8 14. Rac1 dxc4 15.
Nxc4 Bxg2 16. Kxg2 Bb4 17. Qf3 Qa6 18. a4 Rac8 19. Rfd1 Bxc3 20. Bxc3 Ncd5 21.
Bb2 Rfd8 22. h4 Qb7 23. Ba3 Ne8 24. Ne5 a6 25. h5 f6 26. Nd3 Rxc1 27. Rxc1 Rc8
28. Rc4 b5 29. axb5 axb5 30. Rxc8 Qxc8 31. Bc5 Nec7 32. b4 Qa8 33. Kh2 Qa3 34.
Qe2 Qb3 35. h6 g6 36. Kg2 Nc3 37. Qg4 Qd5+ 38. Kh2 Qf5 39. Qxf5 gxf5 40. Kg2 Kf7
41. f4 Kg6 42. Bf8 Ne2 43. Nc5 Nxd4 44. Nd7 Kf7 45. Bc5 Nc6 46. Kf3 Na6 47. Bd6
Naxb4 48. Nf8 Nd5 49. Nxh7 Nce7 50. g4 fxg4+ 51. Kxg4 Nf5 52. Ba3 Nxh6+ 53. Kh5
Nf5 54. Nf8 b4 55. Bxb4 Nxb4 56. Nd7 Nd5 57. Kg4 Nd4 58. Nc5 f5+ 59. Kg5 Nf3+
60. Kh6 Nxf4 61. Nd7 Ke7 62. Nc5 Kd6 63. Nb7+ Kc7 64. Nc5 e5 65. Kg7 Kd6 66.
Nb7+ Ke6 67. Nc5+ Kd5 68. Nd7 e4 69. Kf6 e3 70. Nb6+ Ke4 71. Na4 Nd5+ 72. Kg6 e2 0-1

[Event "ch-European Rapid 2013"]
[Site "Warsaw POL"]
[Date "2013.12.15"]
[Round "11.47"]
[White "Paprocki, Jaroslaw"]
[Black "Kulaots, Kaido"]
[Result "0-1"]
[BlackTitle "GM"]
[WhiteElo "2199"]
[BlackElo "2558"]
[WhiteFideId "1122274"]
[BlackFideId "4500261"]
[EventDate "2013.12.14"]

1. e4 c5 2. Nf3 e6 3. d4 cxd4 4. Nxd4 a6 5. c4 Nf6 6. Nc3 Qc7 7. Nc2 b6 8. Bd3
Bb7 9. Qe2 d6 10. Bf4 Nbd7 11. O-O-O Be7 12. Kb1 Ne5 13. f3 O-O 14. g4 Rfc8 15.
Ne3 Nfd7 16. Bc2 b5 17. cxb5 axb5 18. Nxb5 Qb6 19. Nd4 Ba6 20. Qd2 Bc4 21. a4
Rab8 22. Nb5 Bxb5 23. axb5 Qxb5 24. b3 Nc5 0-1

[Event "ch-European Rapid 2013"]
[Site "Warsaw POL"]
[Date "2013.12.15"]
[Round "11.48"]
[White "Wiley, Tom E"]
[Black "Gdanski, Jacek"]
[Result "0-1"]
[WhiteTitle "FM"]
[BlackTitle "GM"]
[WhiteElo "2273"]
[BlackElo "2506"]
[WhiteFideId "401765"]
[BlackFideId "1100106"]
[EventDate "2013.12.14"]

1. d4 Nf6 2. c4 c5 3. d5 g6 4. Nc3 d6 5. e4 Bg7 6. Bd3 O-O 7. h3 e6 8. Nf3 exd5
9. exd5 Qe7+ 10. Be3 Bh6 11. O-O Bxe3 12. fxe3 Nbd7 13. Qd2 Kg7 14. Rf2 Ne5 15.
Nxe5 dxe5 16. Raf1 Ne8 17. e4 f6 18. a3 Bd7 19. Nd1 Nd6 20. Ne3 a5 21. b4 axb4
22. axb4 b6 23. bxc5 bxc5 24. Qc3 h5 25. Ra1 Rxa1+ 26. Qxa1 f5 27. Qa7 fxe4 28.
Bc2 Nc8 29. Qc7 Qd6 30. Qxd6 Nxd6 31. Rxf8 Kxf8 32. Kf2 Ke7 33. h4 Kf6 34. g3
Bc8 35. Bb3 Ba6 36. Ba2 Ke7 37. Ke2 Kd7 38. Kd2 Kc7 39. Kc3 Nf5 40. Nf1 e3 41.
Kd3 e4+ 42. Ke2 Kd6 43. Nxe3 Nxg3+ 44. Kd2 Ke5 45. Kc3 Bc8 46. Bb3 g5 47. hxg5
h4 48. Bd1 h3 49. Bg4 h2 0-1

[Event "ch-European Rapid 2013"]
[Site "Warsaw POL"]
[Date "2013.12.15"]
[Round "11.49"]
[White "Kanarek, Marcel"]
[Black "Lind, Jan-Olof"]
[Result "1-0"]
[WhiteTitle "IM"]
[WhiteElo "2473"]
[BlackElo "2252"]
[WhiteFideId "1126822"]
[BlackFideId "1701193"]
[EventDate "2013.12.14"]

1. d4 Nf6 2. c4 g6 3. Nc3 Bg7 4. e4 d6 5. Nf3 O-O 6. h3 e5 7. d5 a5 8. Bg5 h6 9.
Be3 Nh5 10. c5 dxc5 11. Bxc5 Re8 12. Bc4 Nd7 13. Be3 Nb6 14. Bb5 Bd7 15. Bxd7
Qxd7 16. Bxb6 cxb6 17. O-O Bf8 18. Ne1 Bc5 19. Nd3 Bd4 20. Ne2 Qd6 21. Qa4 Bc5
22. Rac1 f5 23. exf5 gxf5 24. Qh4 Ng7 25. Rfd1 Rac8 26. a3 e4 27. Nxc5 Rxc5 28.
Rxc5 bxc5 29. a4 Kh7 30. Nc3 Qd7 31. d6 Re6 32. Nb5 Ne8 33. Rd5 Nxd6 34. Qf4 e3
35. fxe3 Qg7 36. Rxd6 Rxd6 37. Nxd6 Qxb2 38. Qxf5+ Kg8 39. Qg6+ 1-0

[Event "ch-European Rapid 2013"]
[Site "Warsaw POL"]
[Date "2013.12.15"]
[Round "11.50"]
[White "Brzezinski, Mateusz"]
[Black "Fargere, Francois"]
[Result "0-1"]
[BlackTitle "GM"]
[WhiteElo "2118"]
[BlackElo "2446"]
[WhiteFideId "1177117"]
[BlackFideId "615935"]
[EventDate "2013.12.14"]

1. c4 c6 2. Nc3 d5 3. d4 Nf6 4. Bg5 dxc4 5. e3 b5 6. a4 b4 7. Bxf6 bxc3 8. Bxg7
Bxg7 9. bxc3 Qa5 10. Qc1 Be6 11. Nf3 Nd7 12. Be2 Nc5 13. Ra3 Nb3 14. Qc2 O-O 15.
O-O Rab8 16. e4 h6 17. Rd1 Rfd8 18. Nh4 Bf6 19. Nf5 Bxf5 20. exf5 Qd5 21. Bf3
Qd6 22. Ra2 c5 23. Be2 cxd4 24. Bxc4 Na5 25. Be2 Rbc8 26. c4 Nc6 27. Qe4 Qe5 28.
Qg4+ Kh7 29. Bf3 d3 30. Qh5 Rf8 31. Bd5 e6 32. Bxe6 fxe6 33. Qg6+ Kh8 34. Qxh6+
Kg8 35. Qg6+ Bg7 36. fxe6 Rce8 37. Qxd3 Rxe6 38. Qd5 Rd8 0-1